[Event "XIII C.to Italiano UISP Magistrale"]
[Site "Montesilvano ITA"]
[Date "1992.12.??"]
[Round "?"]
[White "Bellomo, Francesco"]
[Black "Manca, Federico"]
[WhiteElo "2365"]
[BlackElo "2390"]
[Result "1-0"]
[PlyCount "55"]
[EventDate "1992.12.05"]

1. e4 d6 2. d4 Nf6 3. Nc3 g6 4. Be3 Bg7 5. h3 O-O 6. Nf3 a6 7. a4 b6 8. Be2 Bb7
9. Nd2 c5 10. d5 e6 11. dxe6 fxe6 12. O-O Nc6 13. Nf3 d5 14. Ng5 Re8 15. Nxe6
Rxe6 16. exd5 Rd6 17. dxc6 Rxd1 18. Rfxd1 Qc7 19. cxb7 Rd8 20. Bxa6 Nh5 21. Bb5
Rf8 22. Rd7 Qe5 23. Rad1 Bf6 24. R1d5 Qb8 25. Ne4 Bh4 26. Bf4 Kh8 27. Rxh5 gxh5
28. Bd2 1-0

[Event "XIII C.to Italiano UISP Magistrale"]
[Site "Montesilvano ITA"]
[Date "1992.12.??"]
[Round "?"]
[White "Manca, Federico"]
[Black "Palmiotto, Fiorentino"]
[WhiteElo "2390"]
[BlackElo "2029"]
[Result "1-0"]
[PlyCount "65"]
[EventDate "1992.12.05"]

1. e4 c5 2. c3 d5 3. exd5 Qxd5 4. d4 e6 5. Nf3 Nc6 6. Be3 cxd4 7. cxd4 Nf6 8.
Nc3 Qd8 9. a3 Be7 10. Bd3 O-O 11. O-O a6 12. Rc1 Bd7 13. Bb1 Qa5 14. Qd3 g6 15.
Ba2 Rfd8 16. Rfe1 Be8 17. d5 exd5 18. Bg5 d4 19. Ne4 Nxe4 20. Bxe7 Nxe7 21.
Qxe4 Nc6 22. Qf4 Rd7 23. Ng5 Qf5 24. Qh4 h5 25. Ne4 Re7 26. Nd6 Rxe1+ 27. Rxe1
Qd7 28. Qf6 Kh7 29. h4 Rd8 30. Ne4 Qf5 31. Ng5+ Kg8 32. Rxe8+ Rxe8 33. Bxf7+
1-0

[Event "XIII C.to Italiano UISP Magistrale"]
[Site "Montesilvano ITA"]
[Date "1992.12.??"]
[Round "?"]
[White "Nizzola, Alessandro"]
[Black "Ferretti, Folco"]
[WhiteElo "2005"]
[BlackElo "2270"]
[Result "0-1"]
[PlyCount "58"]
[EventDate "1992.12.05"]

1. d4 d5 2. c4 c6 3. Nf3 Nf6 4. Qc2 g6 5. Bf4 Na6 6. Nbd2 Bf5 7. Qb3 Qb6 8. c5
Qxb3 9. axb3 Nb4 10. Kd1 Bg7 11. Be5 Ng4 12. Bg3 O-O 13. h3 Nf6 14. Nh4 b6 15.
Nxf5 gxf5 16. Ra4 bxc5 17. dxc5 a5 18. Bc7 Na6 19. Bb6 Nd7 20. Rxa5 Bxb2 21. e4
Nb4 22. Rxa8 Rxa8 23. exd5 Ra1+ 24. Ke2 Nxd5 25. Nc4 Bd4 26. Ne3 Ra2+ 27. Kd3
Bxe3 28. fxe3 Ne5+ 29. Kd4 f6 0-1

[Event "XIII C.to Italiano UISP Magistrale"]
[Site "Montesilvano ITA"]
[Date "1992.12.??"]
[Round "?"]
[White "Vezzosi, Paolo"]
[Black "Caposciutti, Maurizio"]
[WhiteElo "2325"]
[BlackElo "2305"]
[Result "1-0"]
[PlyCount "68"]
[EventDate "1992.12.05"]

1. c4 e5 2. g3 Nf6 3. Bg2 Nc6 4. Nf3 Bc5 5. O-O d6 6. Nc3 O-O 7. d3 h6 8. Na4
a5 9. Nxc5 dxc5 10. Bd2 Re8 11. Re1 Qd6 12. Bc3 Bf5 13. Nd2 b6 14. Qa4 Bd7 15.
Ne4 Nxe4 16. Bxe4 Rad8 17. Qc2 Nd4 18. Bxd4 exd4 19. e3 Rxe4 20. dxe4 d3 21.
Qd2 Bg4 22. f4 Qe6 23. b3 Qxe4 24. a4 Rd6 25. Ra2 h5 26. Qc3 h4 27. Rf2 hxg3
28. hxg3 Rh6 29. Rh2 Rxh2 30. Kxh2 Qh7+ 31. Kg1 Bf3 32. e4 Bxe4 33. Rxe4 Qxe4
34. Qd2 Qf5 1-0